Statistics for Characters Played by Different Actors #6

Click here to take the quiz!

General Stats

  • This quiz has been taken 332 times
    (318 since last reset)
  • The average score is 5 of 20

Answer Stats

ActorsCharacter% Correct
Lynda Carter; Gal Gadot*Wonder Woman
84%
Judy Garland; Zooey DeschanelDorothy Gale
68%
Cesar Romero; Mark HamillThe Joker
58%
Johnny Weissmuller;
Casper van Dien
Tarzan
47%
Nichelle Nichols; Zoe SaldanaNyota Uhura
41%
Orson Welles; Timothy DaltonJames Bond
28%
John Wayne; Jeff BridgesRooster Cogburn
28%
David Hasselhoff;
Samuel L Jackson
Nick Fury
22%
Mary Elizabeth Mastrantonio;
Cate Blanchett
Maid Marion
20%
Mike Myers, Kevin SpaceyDr. Evil
19%
Oliver Platt; Gérard DepardieuPorthos
19%
Mia Farrow; Robin WilliamsPeter Pan
14%
Sean Connery; Patrick StewartKing Richard
13%
Max von Sydow; Matt StoneJesus
10%
Jeff Daniels; Kelsey GrammerGeorge Washington
9%
Tom Berenger; Robin WilliamsTheodore Roosevelt
7%
Crispin Glover; David BowieAndy Warhol
5%
Ken Howard; Nick NolteThomas Jefferson
4%
Christopher Plummer;
John Cleese
Sherlock Holmes
3%
Tom Selleck; Robin WilliamsDwight Eisenhower
2%

Score Distribution

Percentile by Number Answered

Percent of People with Each Score

Your Score History

You have not taken this quiz since the last reset